000
00324 a2200145 4500
001
166878
020
_a
040
_c
Magnum
100
_a
Bienfait, Marcel
240
1
0
_a
Fisiologia da terapia manual
_l
por
245
1
0
_a
Fisiologia da terapia manual
362
0
_a
1899
697
_a
CIENCIAS MEDICAS SAUDE
942
_c
BK
999
_c
166878
_d
166878